Warfare state and society in south asia. (Record no. 14060)

000 -LEADER
fixed length control field 00697nam a2200241 a 4500
001 - CONTROL NUMBER
control field ASIN8130910152
005 - DATE AND TIME OF LATEST TRANSACTION
control field 20170105102846.0
008 - FIXED-LENGTH DATA ELEMENTS--GENERAL INFORMATION
fixed length control field 130816s xxu eng d
020 ## - INTERNATIONAL STANDARD BOOK NUMBER
International Standard Book Number 8130910152 (paperback)
020 ## - INTERNATIONAL STANDARD BOOK NUMBER
International Standard Book Number 9788130910154 (paperback)
040 ## - CATALOGING SOURCE
Original cataloging agency 0
050 04 - LIBRARY OF CONGRESS CALL NUMBER
Classification number DS442
082 04 - DEWEY DECIMAL CLASSIFICATION NUMBER
Classification number 355.020954
245 00 - TITLE STATEMENT
Title Warfare state and society in south asia.
260 ## - PUBLICATION, DISTRIBUTION, ETC.
Place of publication, distribution, etc. [S.l.] :
Name of publisher, distributor, etc. VIVA BOOKS PRIVATE LIMITED,
300 ## - PHYSICAL DESCRIPTION
Extent 1 v. (unpaged)
650 #0 - SUBJECT ADDED ENTRY--TOPICAL TERM
Topical term or geographic name entry element India
650 #0 - SUBJECT ADDED ENTRY--TOPICAL TERM
Topical term or geographic name entry element Military art and science
650 #0 - SUBJECT ADDED ENTRY--TOPICAL TERM
Topical term or geographic name entry element Political science
650 #0 - SUBJECT ADDED ENTRY--TOPICAL TERM
Topical term or geographic name entry element War and society
856 40 - ELECTRONIC LOCATION AND ACCESS
Materials specified Amazon.com
Uniform Resource Identifier <a href="http://www.amazon.com/exec/obidos/ASIN/8130910152/chopaconline-20">http://www.amazon.com/exec/obidos/ASIN/8130910152/chopaconline-20</a>
942 ## - ADDED ENTRY ELEMENTS (KOHA)
Source of classification or shelving scheme
Koha item type Book
Holdings
Withdrawn status Lost status Damaged status Not for loan Collection code Permanent Location Current Location Shelving location Date acquired Total Checkouts Full call number Barcode Date last seen Price effective from Koha item type
          Centre for International Peace & Stability (CIPS) Centre for International Peace & Stability (CIPS) General Stacks 08/16/2013   355.020954 WAR 2010 CIPS0000456 08/16/2013 08/16/2013 Book
© 2023 Central Library, National University of Sciences and Technology. All Rights Reserved.